000 00304nam a2200121Ia 4500
008 241002s9999 xx 000 0 und d
082 _a152.33 TOY
100 _aToynbee, Arndd J.
245 0 _aChange and Habit Challenge and Four Time
260 _aNew York:
_c1966
600 _aPhilosophy
942 _cUC
999 _c18869
_d18869